000 00416nam a22001697a 4500
005 20180305125607.0
008 160503b xxu||||| |||| 00| 0 eng d
020 _a81-259-1574-5
041 _aeng
082 _b1126
_a332.12
100 _aMachiraju H.R.
_9354
245 _aModern Commercial Banking
260 _bVikas Publishing house Pvt. Ltd.
_c2005
300 _a289
650 _aManagement
_9241
942 _cBK
999 _c435
_d435